00460 a2200169 450000100060000002000150000604000240002110000230004524000260006824500210009430000070011536200090012265000310013194200070016295201040016999900170027370343 a8572081534 cAnchieta - Itaigara aSouza, Flávio de10aVida de cachorrolpor10aVida de cachorro a280 a1996 4aLiteratura infanto-juvenil cBK 00104070a88.1b88.1d2023-11-21l0o028.5 SOU VIDp3666/ITAr2023-11-21 20:05:19w2023-11-21yBK c70343d70343